<?xml version="1.0" encoding="UTF-8"?><?xml-stylesheet type="text/xsl" href="static/style.xsl"?><OAI-PMH xmlns="http://www.openarchives.org/OAI/2.0/" xmlns:xsi="http://www.w3.org/2001/XMLSchema-instance" xsi:schemaLocation="http://www.openarchives.org/OAI/2.0/ http://www.openarchives.org/OAI/2.0/OAI-PMH.xsd"><responseDate>2026-06-07T23:41:45Z</responseDate><request verb="GetRecord" identifier="oai:docta.ucm.es:20.500.14352/129444" metadataPrefix="marc">https://docta.ucm.es/rest/oai/request</request><GetRecord><record><header><identifier>oai:docta.ucm.es:20.500.14352/129444</identifier><datestamp>2025-12-20T00:45:57Z</datestamp><setSpec>com_20.500.14352_14</setSpec><setSpec>col_20.500.14352_15</setSpec></header><metadata><record xmlns="http://www.loc.gov/MARC21/slim" xmlns:dcterms="http://purl.org/dc/terms/" xmlns:xsi="http://www.w3.org/2001/XMLSchema-instance" xmlns:doc="http://www.lyncode.com/xoai" xsi:schemaLocation="http://www.loc.gov/MARC21/slim http://www.loc.gov/standards/marcxml/schema/MARC21slim.xsd">
   <leader>00925njm 22002777a 4500</leader>
   <datafield ind2=" " ind1=" " tag="042">
      <subfield code="a">dc</subfield>
   </datafield>
   <datafield ind2=" " ind1=" " tag="720">
      <subfield code="a">Castillo Cañiz, Assumpta</subfield>
      <subfield code="e">author</subfield>
   </datafield>
   <datafield ind2=" " ind1=" " tag="720">
      <subfield code="a">Vaquero Martínez, Sergio</subfield>
      <subfield code="e">author</subfield>
   </datafield>
   <datafield ind2=" " ind1=" " tag="260">
      <subfield code="c">2025-12-04</subfield>
   </datafield>
   <datafield ind2=" " ind1=" " tag="520">
      <subfield code="a">En su conjunto, el dosier permite repensar las formas e instituciones de mantenimiento del orden público en la península ibérica entre 1867 y 1926, atendiendo a dinámicas comunes y divergentes de sendos países. Recorriendo cuatro ejes —militar/civil, centro/periferia, público/privado, rural/urbano— se examinan dispositivos de seguridad de naturaleza jurídica e inserción administrativa diversas, que combinan estructuras estatales y locales con fórmulas híbridas  de  gestión. Esta mirada comparada y multiescalar ofrece herramientas útiles para comprender no solo las lógicas internas de cada sistema policial, sino también las conexiones transversales que los articulaban más allá del Estado y de las fronteras nacionales.</subfield>
   </datafield>
   <datafield ind1="8" ind2=" " tag="024">
      <subfield code="a">Castillo Cañiz, A., &amp; Vaquero Martínez, S. (2025). Orden público, policía y vigilancia en la península ibérica, 1867-‍1926 (presentación). Historia Y Política, (54), 17–34. https://doi.org/10.18042/hp.54.01</subfield>
   </datafield>
   <datafield ind1="8" ind2=" " tag="024">
      <subfield code="a">10.18042/hp.54.01</subfield>
   </datafield>
   <datafield ind1="8" ind2=" " tag="024">
      <subfield code="a">https://hdl.handle.net/20.500.14352/129444</subfield>
   </datafield>
   <datafield ind1="8" ind2=" " tag="024">
      <subfield code="a">https://doi.org/10.18042/hp.54.01</subfield>
   </datafield>
   <datafield ind1="8" ind2=" " tag="024">
      <subfield code="a">https://recyt.fecyt.es/index.php/Hyp/article/view/119158</subfield>
   </datafield>
   <datafield ind2="0" ind1="0" tag="245">
      <subfield code="a">Orden público, policía y vigilancia en la península ibérica, 1867-‍1926 (presentación)</subfield>
   </datafield>
</record></metadata></record></GetRecord></OAI-PMH>